[Event "GER-ch Youth U16 2019"]
[Site "Willingen"]
[Date "2019.06.12"]
[Round "6.2"]
[White "Dobrikov, Marco"]
[Black "Suvorov, Alexander"]
[Result "1/2-1/2"]
[WhiteElo "2281"]
[BlackElo "2325"]
[Annotator "NA"]
[PlyCount "99"]
[EventDate "2019.06.07"]
[EventType "swiss"]
[EventRounds "9"]
[EventCountry "GER"]
[SourceTitle "playchess.com"]
[Source "ChessBase"]
[SourceQuality "1"]
[TimeControl "40/5400+30:1800+30"]

1. e4 {[%emt 0:00:00]} c5 {[%emt 0:00:00]} 2. Nf3 {[%emt 0:00:00]} e6 {[%emt 0:00:00]} 3. d4 {[%emt 0:00:00]} cxd4 {[%emt 0:00:00]} 4. Nxd4 {[%emt 0:00:00]} Nc6 {[%emt 0:00:06]} 5. Nc3 {[%emt 0:00:00]} Qc7 {[%emt 0:00:09]} 6. Be3 {[%emt 0:00:00]} a6 {[%emt 0:00:09]} 7. Bd3 {[%emt 0:00:08]} b5 {[%emt 0:02:27]} 8. Nxc6 {[%emt 0:03:48]} Qxc6 {[%emt 0:08:50]} 9. e5 {[%emt 0:14:05]} Bb7 {[%emt 0:00:35]} 10. Be4 {[%emt 0:01:51]} Qc7 {[%emt 0:00:30]} 11. Bxb7 {[%emt 0:01:08]} Qxb7 {[%emt 0:00:02]} 12. O-O {[%emt 0:04:24]} Rc8 {[%emt 0:09:53]} 13. Qd3 {[%emt 0:03:37]} f5 {[%emt 0:01:21]} 14. exf6 {[%emt 0:08:15]} Nxf6 {[%emt 0:00:52]} 15. Bd4 {[%emt 0:01:24]} Be7 {[%emt 0:07:08]} 16. Rad1 {[%emt 0:06:16]} b4 {[%emt 0:07:20]} 17. Bxf6 {[%emt 0:00:43]} gxf6 {[%emt 0:01:40]} 18. Ne4 {[%emt 0:00:36]} f5 {[%emt 0:15:53]} 19. Nd6+ {[%emt 0:04:28]} Bxd6 {[%emt 0:00:07]} 20. Qxd6 {[%emt 0:00:02]} Rg8 {[%emt 0:05:26]} 21. g3 {[%emt 0:00:40]} Rxc2 {[%emt 0:08:55]} 22. Rfe1 {[%emt 0:08:27]} Rg6 {[%emt 0:02:26]} 23. Qd3 {[%emt 0:08:08]} Qc6 {[%emt 0:03:12]} 24. Qxf5 {[%emt 0:01:31]} Rc5 {[%emt 0:09:19]} 25. Qf4 {[%emt 0:01:17]} a5 {[%emt 0:00:41]} 26. Rc1 {[%emt 0:02:19]} Rg8 {[%emt 0:07:00]} 27. Rxc5 {[%emt 0:01:15]} Qxc5 {[%emt 0:00:01]} 28. Rc1 {[%emt 0:00:23]} Qg5 {[%emt 0:00:12]} 29. Qc7 {[%emt 0:17:04]} Qd5 {[%emt 0:01:07]} 30. Rc5 {[%emt 0:01:28]} Qd1+ {[%emt 0:00:17]} 31. Kg2 {[%emt 0:00:02]} Rf8 {[%emt 0:00:14]} 32. f4 {[%emt 0:01:46]} Qe2+ {[%emt 0:00:24]} 33. Kg1 {[%emt 0:01:34]} Qxb2 {[%emt 0:01:11]} 34. Qd6 {[%emt 0:00:25]} Qb1+ {[%emt 0:02:17]} 35. Kf2 {[%emt 0:00:59]} Qxa2+ {[%emt 0:00:44]} 36. Kf3 {[%emt 0:00:37]} Qb3+ {[%emt 0:01:42]} 37. Kg2 {[%emt 0:01:20]} Qb2+ {[%emt 0:00:53]} 38. Kh3 {[%emt 0:01:02]} Qg7 {[%emt 0:00:43]} 39. Rc8+ {[%emt 0:01:22]} Kf7 {[%emt 0:00:01]} 40. Qxd7+ {[%emt 0:00:37]} Kg8 {[%emt 0:01:23]} 41. Qxe6+ {[%emt 0:32:07]} Qf7 {[%emt 0:31:25]} 42. Qg4+ {[%emt 0:00:00]} Kh8 {[%emt 0:00:00]} 43. Rxf8+ {[%emt 0:00:00]} Qxf8 {[%emt 0:00:00]} 44. Qd7 {[%emt 0:00:00]} Qf6 {[%emt 0:00:00]} 45. f5 {[%emt 0:00:00]} b3 {[%emt 0:00:00]} 46. Qc8+ {[%emt 0:00:00]} Kg7 {[%emt 0:00:00]} 47. Qc7+ {[%emt 0:00:00]} Kh6 {[%emt 0:00:00]} 48. Qf4+ {[%emt 0:00:00]} Qg5 {[%emt 0:00:00]} 49. Qd6+ {[%emt 0:00:00]} Kg7 {[%emt 0:00:00]} 50. Qe5+ {[%emt 0:00:00] normal} 1/2-1/2

[Event "GER-ch Youth U16 2019"]
[Site "Willingen"]
[Date "2019.06.12"]
[Round "6.3"]
[White "Wachinger, Nikolas"]
[Black "Woelk, Tom-Frederic"]
[Result "1/2-1/2"]
[WhiteElo "2311"]
[BlackElo "2239"]
[Annotator "ChessBase"]
[PlyCount "114"]
[EventDate "2019.06.07"]
[EventType "swiss"]
[EventRounds "9"]
[EventCountry "GER"]
[SourceTitle "playchess.com"]
[Source "ChessBase"]
[SourceQuality "1"]
[TimeControl "40/5400+30:1800+30"]

1. e4 {[%emt 0:00:00]} e5 {[%emt 0:00:00]} 2. Nf3 {[%emt 0:00:17]} Nc6 {[%emt 0:00:00]} 3. Bb5 {[%emt 0:00:49]} Nge7 {[%emt 0:00:00]} 4. c3 {[%emt 0:01:54]} g6 {[%emt 0:00:26]} 5. d4 {[%emt 0:00:09]} exd4 {[%emt 0:00:06]} 6. cxd4 {[%emt 0:00:06]} Bg7 {[%emt 0:00:53]} 7. d5 {[%emt 0:02:53]} a6 {[%emt 0:01:50]} 8. Be2 {[%emt 0:04:07]} Ne5 {[%emt 0:02:15]} 9. Nxe5 {[%emt 0:01:05]} Bxe5 {[%emt 0:00:03]} 10. Nc3 {[%emt 0:00:48]} d6 {[%emt 0:05:45]} 11. Be3 {[%emt 0:06:49]} O-O {[%emt 0:11:04]} 12. O-O {[%emt 0:01:51]} f5 {[%emt 0:06:23]} 13. Bd4 {[%emt 0:01:33]} Bxd4 {[%emt 0:08:30]} 14. Qxd4 {[%emt 0:00:26]} g5 {[%emt 0:00:38]} 15. Bh5 {[%emt 0:07:41]} Bd7 {[%emt 0:06:21]} 16. e5 {[%emt 0:11:08]} Be8 {[%emt 0:03:20]} 17. Bxe8 {[%emt 0:00:53]} Rxe8 {[%emt 0:01:06]} 18. f4 {[%emt 0:23:10]} gxf4 {[%emt 0:15:24]} 19. Qxf4 {[%emt 0:01:58]} Ng6 {[%emt 0:00:32]} 20. Qxf5 {[%emt 0:01:23]} Rxe5 {[%emt 0:00:30]} 21. Qf7+ {[%emt 0:03:05]} Kh8 {[%emt 0:00:06]} 22. Rae1 {[%emt 0:01:57]} Rxe1 {[%emt 0:06:39]} 23. Rxe1 {[%emt 0:00:02]} Qh4 {[%emt 0:00:07]} 24. Qf2 {[%emt 0:11:13]} Qxf2+ {[%emt 0:01:50]} 25. Kxf2 {[%emt 0:00:03]} Kg7 {[%emt 0:01:00]} 26. Re6 {[%emt 0:03:54]} Rf8+ {[%emt 0:00:33]} 27. Ke3 {[%emt 0:00:37]} Rf1 {[%emt 0:11:17]} 28. Re4 {[%emt 0:00:30]} Ne5 {[%emt 0:00:52]} 29. Rb4 {[%emt 0:01:17]} b5 {[%emt 0:04:07]} 30. a4 {[%emt 0:00:25]} Re1+ {[%emt 0:02:04]} 31. Ne2 {[%emt 0:01:36]} bxa4 {[%emt 0:02:55]} 32. Rxa4 {[%emt 0:00:21]} a5 {[%emt 0:00:45]} 33. b4 {[%emt 0:00:57]} axb4 {[%emt 0:02:02]} 34. Rxb4 {[%emt 0:00:11]} Rd1 {[%emt 0:01:46]} 35. Nf4 {[%emt 0:01:36]} Kf6 {[%emt 0:00:35]} 36. Rb7 {[%emt 0:01:06]} Ng4+ {[%emt 0:02:47]} 37. Ke2 {[%emt 0:00:20]} Rd4 {[%emt 0:00:35]} 38. g3 {[%emt 0:00:10]} Rc4 {[%emt 0:01:53]} 39. h3 {[%emt 0:00:09]} Nh6 {[%emt 0:01:42]} 40. Ne6 {[%emt 0:00:54]} Nf5 {[%emt 0:00:37]} 41. g4 {[%emt 0:33:31]} Ng7 {[%emt 0:05:07]} 42. Kd3 {[%emt 0:00:00]} Rc1 {[%emt 0:00:37]} 43. Rxc7 {[%emt 0:00:00]} Rxc7 {[%emt 0:00:47]} 44. Nxc7 {[%emt 0:00:00]} h5 {[%emt 0:00:14]} 45. Kc4 {[%emt 0:00:00]} hxg4 {[%emt 0:00:06]} 46. hxg4 {[%emt 0:00:00]} Kg6 {[%emt 0:17:00]} 47. Ne6 {[%emt 0:00:00]} Ne8 {[%emt 0:00:08]} 48. g5 {[%emt 0:00:00]} Kf5 {[%emt 0:03:07]} 49. Kb5 {[%emt 0:00:00]} Ke4 {[%emt 0:00:20]} 50. Kc6 {[%emt 0:00:00]} Ke5 {[%emt 0:00:08]} 51. Nd8 {[%emt 0:00:00]} Ng7 {[%emt 0:01:56]} 52. Nf7+ {[%emt 0:00:00]} Kf5 {[%emt 0:00:07]} 53. Kxd6 {[%emt 0:00:00]} Kg6 {[%emt 0:00:04]} 54. Ke7 {[%emt 0:00:00]} Nf5+ {[%emt 0:00:29]} 55. Kf8 {[%emt 0:00:00]} Kh5 {[%emt 0:00:52]} 56. Nh6 {[%emt 0:00:00]} Nd4 {[%emt 0:04:15]} 57. d6 {[%emt 0:00:00]} Kxg5 {[%emt 0:00:11] normal} 1/2-1/2

[Event "GER-ch Youth U16 2019"]
[Site "Willingen"]
[Date "2019.06.12"]
[Round "6.4"]
[White "Post, Hugo"]
[Black "Nguyen, Alex Dac-Vuong"]
[Result "0-1"]
[WhiteElo "2113"]
[BlackElo "2287"]
[Annotator "NA"]
[PlyCount "57"]
[EventDate "2019.06.07"]
[EventType "swiss"]
[EventRounds "9"]
[EventCountry "GER"]
[SourceTitle "playchess.com"]
[Source "ChessBase"]
[SourceQuality "1"]
[TimeControl "40/5400+30:1800+30"]

1. e4 {[%emt 0:00:00]} e6 {[%emt 0:00:00]} 2. d4 {[%emt 0:00:00]} d5 {[%emt 0:00:00]} 3. Nd2 {[%emt 0:00:00]} Nf6 {[%emt 0:00:00]} 4. e5 {[%emt 0:00:00]} Nfd7 {[%emt 0:00:00]} 5. Bd3 {[%emt 0:00:00]} c5 {[%emt 0:00:02]} 6. c3 {[%emt 0:00:07]} Nc6 {[%emt 0:00:04]} 7. Ne2 {[%emt 0:00:09]} cxd4 {[%emt 0:00:06]} 8. cxd4 {[%emt 0:00:08]} f6 {[%emt 0:00:05]} 9. exf6 {[%emt 0:00:08]} Nxf6 {[%emt 0:00:05]} 10. O-O {[%emt 0:00:08]} Bd6 {[%emt 0:00:06]} 11. Nf3 {[%emt 0:00:19]} Qc7 {[%emt 0:00:07]} 12. Nc3 {[%emt 0:00:19]} a6 {[%emt 0:00:06]} 13. Bd2 {[%emt 0:00:18]} O-O {[%emt 0:01:11]} 14. h3 {[%emt 0:00:45]} Nh5 {[%emt 0:04:58]} 15. Ne5 {[%emt 0:21:33]} Nf4 {[%emt 0:11:58]} 16. Bxf4 {[%emt 0:02:32]} Rxf4 {[%emt 0:00:07]} 17. Nxc6 {[%emt 0:00:10]} bxc6 {[%emt 0:03:40]} 18. Rc1 {[%emt 0:00:41]} g6 {[%emt 0:04:48]} 19. Qa4 {[%emt 0:07:47]} Bb7 {[%emt 0:05:21]} 20. Ne2 {[%emt 0:13:35]} Rf7 {[%emt 0:02:27]} 21. h4 {[%emt 0:09:50]} Raf8 {[%emt 0:04:08]} 22. g3 {[%emt 0:05:01]} Rf3 {[%emt 0:02:21]} 23. Qd1 {[%emt 0:01:46]} Qf7 {[%emt 0:00:33]} 24. Bb1 {[%emt 0:12:51]} Rxf2 {[%emt 0:07:03]} 25. Qe1 {[%emt 0:00:35]} Rxf1+ {[%emt 0:01:28]} 26. Qxf1 {[%emt 0:00:04]} Qe7 {[%emt 0:00:24]} 27. Qe1 {[%emt 0:03:02] normal} c5 {[%emt 0:04:15] normal} 28. Qc3 {[%emt 0:01:51] normal} Qf6 {[%emt 0:02:28]} 29. Qe3 {[%emt 0:00:50] normal} 0-1

[Event "GER-ch Youth U16 2019"]
[Site "Willingen"]
[Date "2019.06.12"]
[Round "6.5"]
[White "Knuedel, Torben"]
[Black "Koelle, Tobias"]
[Result "1-0"]
[WhiteElo "2044"]
[BlackElo "2215"]
[Annotator "NA"]
[PlyCount "101"]
[EventDate "2019.06.07"]
[EventType "swiss"]
[EventRounds "9"]
[EventCountry "GER"]
[SourceTitle "playchess.com"]
[Source "ChessBase"]
[SourceQuality "1"]
[TimeControl "40/5400+30:1800+30"]

1. e4 {[%emt 0:00:00]} e5 {[%emt 0:00:00]} 2. Nf3 {[%emt 0:00:00]} Nc6 {[%emt 0:00:03]} 3. Bb5 {[%emt 0:00:00]} a6 {[%emt 0:00:18]} 4. Ba4 {[%emt 0:00:00]} Nf6 {[%emt 0:00:18]} 5. O-O {[%emt 0:00:00]} Be7 {[%emt 0:00:24]} 6. Re1 {[%emt 0:00:00]} b5 {[%emt 0:00:06]} 7. Bb3 {[%emt 0:00:00]} O-O {[%emt 0:00:13]} 8. c3 {[%emt 0:00:24]} d5 {[%emt 0:00:10]} 9. exd5 {[%emt 0:00:08]} Nxd5 {[%emt 0:00:07]} 10. Nxe5 {[%emt 0:00:05]} Nxe5 {[%emt 0:00:06]} 11. Rxe5 {[%emt 0:00:02]} c6 {[%emt 0:00:07]} 12. d4 {[%emt 0:00:02]} Bd6 {[%emt 0:00:11]} 13. Re1 {[%emt 0:00:03]} Qh4 {[%emt 0:00:11]} 14. g3 {[%emt 0:00:02]} Qh3 {[%emt 0:00:06]} 15. Be3 {[%emt 0:00:03]} Bg4 {[%emt 0:00:16]} 16. Qd3 {[%emt 0:00:01]} Qh5 {[%emt 0:01:20]} 17. Nd2 {[%emt 0:09:03]} Rae8 {[%emt 0:01:09]} 18. a4 {[%emt 0:00:56]} Re6 {[%emt 0:01:22]} 19. axb5 {[%emt 0:00:07]} axb5 {[%emt 0:00:00]} 20. Nf1 {[%emt 0:00:07]} Bf5 {[%emt 0:00:28]} 21. Qd1 {[%emt 0:04:32]} Bg4 {[%emt 0:00:07]} 22. Qd3 {[%emt 0:00:03]} Bf5 {[%emt 0:00:07]} 23. Qd2 {[%emt 0:00:03]} Rfe8 {[%emt 0:05:20]} 24. Bd1 {[%emt 0:07:36]} Qg6 {[%emt 0:04:08]} 25. Bf3 {[%emt 0:03:21]} Be4 {[%emt 0:03:43]} 26. Bxe4 {[%emt 0:10:28]} Rxe4 {[%emt 0:03:18]} 27. f3 {[%emt 0:08:23]} R4e6 {[%emt 0:00:46]} 28. Bf2 {[%emt 0:06:22]} h5 {[%emt 0:02:39]} 29. Rxe6 {[%emt 0:04:02]} Rxe6 {[%emt 0:00:24]} 30. Re1 {[%emt 0:04:41]} Rf6 {[%emt 0:01:01]} 31. Re8+ {[%emt 0:07:10]} Kh7 {[%emt 0:01:39]} 32. Qe2 {[%emt 0:02:02]} Nf4 {[%emt 0:01:49]} 33. Qe4 {[%emt 0:01:06]} Qxe4 {[%emt 0:00:11]} 34. Rxe4 {[%emt 0:00:01]} Nd3 {[%emt 0:00:09]} 35. Nd2 {[%emt 0:05:02]} Nxb2 {[%emt 0:00:51]} 36. Rh4 {[%emt 0:02:54]} Re6 {[%emt 0:21:44]} 37. d5 {[%emt 0:08:47]} cxd5 {[%emt 0:05:28]} 38. Rxh5+ {[%emt 0:01:03]} Kg8 {[%emt 0:08:49]} 39. Rxd5 {[%emt 0:00:21]} b4 {[%emt 0:00:51]} 40. cxb4 {[%emt 0:01:59]} Bxb4 {[%emt 0:01:10]} 41. Ne4 {[%emt 0:31:59]} Be7 {[%emt 0:30:09]} 42. Kg2 {[%emt 0:08:18]} Nc4 {[%emt 0:04:00]} 43. Rb5 {[%emt 0:05:19]} f6 {[%emt 0:01:24]} 44. Nc3 {[%emt 0:01:14]} Bd6 {[%emt 0:04:36]} 45. h4 {[%emt 0:01:45]} Kh7 {[%emt 0:00:56]} 46. Ne4 {[%emt 0:01:58]} Be7 {[%emt 0:01:47]} 47. Bd4 {[%emt 0:00:00]} Nd2 {[%emt 0:00:00]} 48. Nc3 {[%emt 0:00:00]} Nc4 {[%emt 0:00:00]} 49. Nd5 {[%emt 0:00:00]} Re2+ {[%emt 0:00:00]} 50. Kf1 {[%emt 0:00:00]} Rd2 {[%emt 0:00:00]} 51. Nxe7 {[%emt 0:00:00] normal} 1-0

[Event "GER-ch Youth U16 2019"]
[Site "Willingen"]
[Date "2019.06.12"]
[Round "6.6"]
[White "Kopylov, Daniel"]
[Black "Yi, Danny"]
[Result "1-0"]
[WhiteElo "2263"]
[BlackElo "2205"]
[Annotator "NA"]
[PlyCount "89"]
[EventDate "2019.06.07"]
[EventType "swiss"]
[EventRounds "9"]
[EventCountry "GER"]
[SourceTitle "playchess.com"]
[Source "ChessBase"]
[SourceQuality "1"]
[TimeControl "40/5400+30:1800+30"]

1. e4 {[%emt 0:00:00]} e5 {[%emt 0:00:00]} 2. Nf3 {[%emt 0:00:00]} Nf6 {[%emt 0:00:00]} 3. Nc3 {[%emt 0:00:34]} Nc6 {[%emt 0:00:35]} 4. d4 {[%emt 0:00:33]} exd4 {[%emt 0:07:48]} 5. Nxd4 {[%emt 0:00:08]} Nxd4 {[%emt 0:06:05]} 6. Qxd4 {[%emt 0:00:23]} d6 {[%emt 0:01:47]} 7. Bg5 {[%emt 0:04:06]} Be7 {[%emt 0:03:42]} 8. Bc4 {[%emt 0:05:29]} O-O {[%emt 0:04:03]} 9. O-O {[%emt 0:01:39]} h6 {[%emt 0:07:19]} 10. Bh4 {[%emt 0:02:18]} a6 {[%emt 0:08:20]} 11. a4 {[%emt 0:01:51]} Bd7 {[%emt 0:03:59]} 12. Rad1 {[%emt 0:04:29]} Bc6 {[%emt 0:03:13]} 13. Rfe1 {[%emt 0:03:08]} Nd7 {[%emt 0:02:12]} 14. Bxe7 {[%emt 0:03:05]} Qxe7 {[%emt 0:01:28]} 15. Bd5 {[%emt 0:00:52]} Qg5 {[%emt 0:04:39]} 16. Bxc6 {[%emt 0:29:39]} bxc6 {[%emt 0:02:10]} 17. Ne2 {[%emt 0:09:22]} Rfe8 {[%emt 0:03:13]} 18. Ng3 {[%emt 0:01:29]} Ne5 {[%emt 0:06:09]} 19. Re3 {[%emt 0:01:50]} Ng4 {[%emt 0:05:55]} 20. Rb3 {[%emt 0:03:54]} c5 {[%emt 0:03:15]} 21. Qc3 {[%emt 0:02:34]} Qf6 {[%emt 0:02:41]} 22. Qxf6 {[%emt 0:06:39]} Nxf6 {[%emt 0:00:09]} 23. f3 {[%emt 0:00:19]} Rab8 {[%emt 0:01:11]} 24. Rxb8 {[%emt 0:00:26]} Rxb8 {[%emt 0:00:02]} 25. b3 {[%emt 0:00:09]} Kf8 {[%emt 0:03:30]} 26. Nf5 {[%emt 0:02:12]} c4 {[%emt 0:02:26]} 27. bxc4 {[%emt 0:01:39]} g6 {[%emt 0:04:53]} 28. Ne3 {[%emt 0:02:13]} Rb4 {[%emt 0:00:35]} 29. c5 {[%emt 0:01:28]} dxc5 {[%emt 0:01:02]} 30. a5 {[%emt 0:03:05]} Ra4 {[%emt 0:01:15]} 31. e5 {[%emt 0:02:21]} Ne8 {[%emt 0:00:45]} 32. Rd7 {[%emt 0:00:13]} Rxa5 {[%emt 0:02:01]} 33. Ng4 {[%emt 0:01:17]} Ra4 {[%emt 0:02:00]} 34. Nxh6 {[%emt 0:00:29]} Kg7 {[%emt 0:01:27]} 35. Nxf7 {[%emt 0:02:15]} Rd4 {[%emt 0:00:52]} 36. Rxd4 {[%emt 0:01:22]} cxd4 {[%emt 0:00:10]} 37. Ng5 {[%emt 0:00:05]} a5 {[%emt 0:01:20]} 38. Ne6+ {[%emt 0:00:30]} Kf7 {[%emt 0:00:12]} 39. Nxd4 {[%emt 0:00:08]} a4 {[%emt 0:00:19]} 40. Kf2 {[%emt 0:03:49]} c5 {[%emt 0:00:22]} 41. Nb5 {[%emt 0:06:09]} Ke6 {[%emt 0:00:21]} 42. f4 {[%emt 0:00:41]} Ng7 {[%emt 0:00:23]} 43. g4 {[%emt 0:00:54]} Kd7 {[%emt 0:00:16]} 44. Ke3 {[%emt 0:03:09]} Ne6 {[%emt 0:00:16]} 45. f5 {[%emt 0:01:17] normal} 1-0

[Event "GER-ch Youth U16 2019"]
[Site "Willingen"]
[Date "2019.06.12"]
[Round "6.7"]
[White "Trifan, Andrei Ioan"]
[Black "Hommel, Niclas"]
[Result "1-0"]
[WhiteElo "2268"]
[BlackElo "1953"]
[Annotator "NA"]
[PlyCount "53"]
[EventDate "2019.06.07"]
[EventType "swiss"]
[EventRounds "9"]
[EventCountry "GER"]
[SourceTitle "playchess.com"]
[Source "ChessBase"]
[SourceQuality "1"]
[TimeControl "40/5400+30:1800+30"]

1. e4 {[%emt 0:00:00]} c5 {[%emt 0:00:00]} 2. Nf3 {[%emt 0:00:00]} d6 {[%emt 0:00:00]} 3. d4 {[%emt 0:00:21]} cxd4 {[%emt 0:00:00]} 4. Nxd4 {[%emt 0:00:05]} Nf6 {[%emt 0:00:00]} 5. Nc3 {[%emt 0:00:21]} Nc6 {[%emt 0:00:00]} 6. Bg5 {[%emt 0:01:41]} e6 {[%emt 0:00:01]} 7. Qd2 {[%emt 0:02:28]} Be7 {[%emt 0:00:06]} 8. O-O-O {[%emt 0:07:52]} Nxd4 {[%emt 0:02:34]} 9. Qxd4 {[%emt 0:00:17]} O-O {[%emt 0:00:03]} 10. Be2 {[%emt 0:02:25]} a6 {[%emt 0:07:12]} 11. f4 {[%emt 0:08:50]} Qa5 {[%emt 0:08:49]} 12. Bh4 {[%emt 0:10:31]} e5 {[%emt 0:07:41]} 13. Qe3 {[%emt 0:07:03]} exf4 {[%emt 0:02:01]} 14. Qxf4 {[%emt 0:01:46]} Be6 {[%emt 0:00:06]} 15. Kb1 {[%emt 0:07:52]} Rfc8 {[%emt 0:09:52]} 16. a3 {[%emt 0:08:12]} Rxc3 {[%emt 0:15:15]} 17. Be1 {[%emt 0:01:51]} Rac8 {[%emt 0:03:34]} 18. Rd3 {[%emt 0:02:49]} Rxd3 {[%emt 0:06:54]} 19. Bxa5 {[%emt 0:00:27]} Rd4 {[%emt 0:00:03]} 20. Bd3 {[%emt 0:07:46]} d5 {[%emt 0:01:31]} 21. Bc3 {[%emt 0:03:48]} Ra4 {[%emt 0:00:11]} 22. Re1 {[%emt 0:01:12]} dxe4 {[%emt 0:02:20]} 23. Bxe4 {[%emt 0:01:50]} b5 {[%emt 0:06:14]} 24. Qf3 {[%emt 0:01:31]} Rxe4 {[%emt 0:02:26]} 25. Rxe4 {[%emt 0:00:18]} Bd5 {[%emt 0:00:08]} 26. Bxf6 {[%emt 0:04:05]} Bxe4 {[%emt 0:00:06]} 27. Qg4 {[%emt 0:00:43] normal} 1-0

[Event "GER-ch Youth U16 2019"]
[Site "Willingen"]
[Date "2019.06.12"]
[Round "6.8"]
[White "Richter, Nils"]
[Black "Liebold, Aaron"]
[Result "1-0"]
[WhiteElo "2115"]
[BlackElo "1870"]
[Annotator "NA"]
[PlyCount "43"]
[EventDate "2019.06.07"]
[EventType "swiss"]
[EventRounds "9"]
[EventCountry "GER"]
[SourceTitle "playchess.com"]
[Source "ChessBase"]
[SourceQuality "1"]
[TimeControl "40/5400+30:1800+30"]

1. e4 {[%emt 0:00:00]} c5 {[%emt 0:00:00]} 2. Nf3 {[%emt 0:00:00]} d6 {[%emt 0:00:00]} 3. Bb5+ {[%emt 0:00:00]} Bd7 {[%emt 0:01:00]} 4. Bxd7+ {[%emt 0:00:00]} Qxd7 {[%emt 0:00:35]} 5. c4 {[%emt 0:00:00]} Nf6 {[%emt 0:01:39]} 6. Nc3 {[%emt 0:00:02]} g6 {[%emt 0:02:35]} 7. d4 {[%emt 0:00:17]} cxd4 {[%emt 0:00:23]} 8. Nxd4 {[%emt 0:00:08]} Bg7 {[%emt 0:00:11]} 9. f3 {[%emt 0:00:40]} Nc6 {[%emt 0:00:28]} 10. Be3 {[%emt 0:00:42]} O-O {[%emt 0:00:51]} 11. O-O {[%emt 0:00:28]} Rac8 {[%emt 0:08:42]} 12. b3 {[%emt 0:00:55]} Rfe8 {[%emt 0:03:20]} 13. Qd2 {[%emt 0:02:05]} Nxd4 {[%emt 0:05:23]} 14. Bxd4 {[%emt 0:01:41]} Qc6 {[%emt 0:01:22]} 15. Nb5 {[%emt 0:05:46]} Ra8 {[%emt 0:05:46]} 16. a4 {[%emt 0:11:48]} a6 {[%emt 0:02:33]} 17. Nc3 {[%emt 0:01:41]} Rac8 {[%emt 0:04:27]} 18. Rfd1 {[%emt 0:02:54]} Nd7 {[%emt 0:03:54]} 19. Bxg7 {[%emt 0:05:22]} Kxg7 {[%emt 0:01:00]} 20. Nd5 {[%emt 0:02:09]} Qc5+ {[%emt 0:03:40]} 21. Kh1 {[%emt 0:01:39]} Nb6 {[%emt 0:05:22]} 22. b4 {[%emt 0:00:58] normal} 1-0

[Event "GER-ch Youth U16 2019"]
[Site "Willingen"]
[Date "2019.06.12"]
[Round "6.9"]
[White "Fromm, Marius"]
[Black "Rietschel, Tilo"]
[Result "1-0"]
[WhiteElo "2038"]
[BlackElo "2005"]
[Annotator "NA"]
[PlyCount "45"]
[EventDate "2019.06.07"]
[EventType "swiss"]
[EventRounds "9"]
[EventCountry "GER"]
[SourceTitle "playchess.com"]
[Source "ChessBase"]
[SourceQuality "1"]
[TimeControl "40/5400+30:1800+30"]

1. Nf3 {[%emt 0:00:00]} Nf6 {[%emt 0:00:00]} 2. c4 {[%emt 0:00:00]} g6 {[%emt 0:00:02]} 3. Nc3 {[%emt 0:00:00]} Bg7 {[%emt 0:00:05]} 4. g3 {[%emt 0:00:00]} O-O {[%emt 0:00:10]} 5. Bg2 {[%emt 0:00:00]} d6 {[%emt 0:00:20]} 6. d4 {[%emt 0:00:00]} Nbd7 {[%emt 0:00:15]} 7. O-O {[%emt 0:00:09]} e5 {[%emt 0:00:14]} 8. e4 {[%emt 0:00:16]} c6 {[%emt 0:01:06]} 9. h3 {[%emt 0:01:30]} exd4 {[%emt 0:00:19]} 10. Nxd4 {[%emt 0:00:06]} Re8 {[%emt 0:00:27]} 11. Re1 {[%emt 0:05:10]} a5 {[%emt 0:03:48]} 12. Be3 {[%emt 0:05:46]} Nc5 {[%emt 0:05:33]} 13. Qc2 {[%emt 0:01:07]} Nfd7 {[%emt 0:08:11]} 14. Rad1 {[%emt 0:06:43]} Nb6 {[%emt 0:04:30]} 15. Nb3 {[%emt 0:11:53]} Ne6 {[%emt 0:04:56]} 16. c5 {[%emt 0:06:01]} Nc4 {[%emt 0:03:03]} 17. Na4 {[%emt 0:02:11]} b5 {[%emt 0:14:23]} 18. cxb6 {[%emt 0:00:34]} Ba6 {[%emt 0:02:19]} 19. Bc1 {[%emt 0:08:44]} Rb8 {[%emt 0:09:24]} 20. Nac5 {[%emt 0:06:29]} Nxc5 {[%emt 0:15:46]} 21. Nxc5 {[%emt 0:00:08]} Qxb6 {[%emt 0:02:01]} 22. Nxa6 {[%emt 0:04:27]} Qxa6 {[%emt 0:00:20]} 23. Bf1 {[%emt 0:00:16] normal} 1-0

[Event "GER-ch Youth U16 2019"]
[Site "Willingen"]
[Date "2019.06.12"]
[Round "6.10"]
[White "Roehr, Tobias"]
[Black "Gutkin, Ilya"]
[Result "0-1"]
[WhiteElo "2208"]
[BlackElo "2041"]
[Annotator "NA"]
[PlyCount "65"]
[EventDate "2019.06.07"]
[EventType "swiss"]
[EventRounds "9"]
[EventCountry "GER"]
[SourceTitle "playchess.com"]
[Source "ChessBase"]
[SourceQuality "1"]
[TimeControl "40/5400+30:1800+30"]

1. d4 {[%emt 0:00:00]} e6 {[%emt 0:00:00]} 2. c4 {[%emt 0:00:00]} Bb4+ {[%emt 0:00:00]} 3. Nd2 {[%emt 0:00:00]} c5 {[%emt 0:01:33]} 4. a3 {[%emt 0:00:01]} Bxd2+ {[%emt 0:00:05]} 5. Qxd2 {[%emt 0:00:05]} cxd4 {[%emt 0:00:12]} 6. Nf3 {[%emt 0:00:11]} Nf6 {[%emt 0:00:06]} 7. Nxd4 {[%emt 0:00:19]} d5 {[%emt 0:05:59]} 8. e3 {[%emt 0:08:31]} O-O {[%emt 0:02:31]} 9. cxd5 {[%emt 0:00:33]} Qxd5 {[%emt 0:02:59]} 10. Nb5 {[%emt 0:00:29]} Qxd2+ {[%emt 0:08:00]} 11. Bxd2 {[%emt 0:00:20]} Nc6 {[%emt 0:00:31]} 12. Be2 {[%emt 0:12:47]} Ne4 {[%emt 0:11:28]} 13. Bb4 {[%emt 0:02:31]} Nxb4 {[%emt 0:09:56]} 14. axb4 {[%emt 0:00:03]} a6 {[%emt 0:01:53]} 15. Nc7 {[%emt 0:06:30]} Rb8 {[%emt 0:01:10]} 16. Rd1 {[%emt 0:04:02]} Nf6 {[%emt 0:04:12]} 17. b5 {[%emt 0:05:26]} Bd7 {[%emt 0:02:14]} 18. b6 {[%emt 0:08:28]} Bc6 {[%emt 0:04:57]} 19. Bf3 {[%emt 0:02:59]} Bxf3 {[%emt 0:00:36]} 20. gxf3 {[%emt 0:00:06]} Rfd8 {[%emt 0:01:07]} 21. Ke2 {[%emt 0:04:31]} Kf8 {[%emt 0:04:37]} 22. f4 {[%emt 0:06:40]} g6 {[%emt 0:05:14]} 23. Rd4 {[%emt 0:04:21]} Rxd4 {[%emt 0:01:33]} 24. exd4 {[%emt 0:00:03]} Rd8 {[%emt 0:01:00]} 25. Rc1 {[%emt 0:01:39]} Ke7 {[%emt 0:03:02]} 26. Rc4 {[%emt 0:02:17]} Kd6 {[%emt 0:06:27]} 27. Kd3 {[%emt 0:12:41]} Nd7 {[%emt 0:03:14]} 28. Rb4 {[%emt 0:00:07]} Kc6 {[%emt 0:02:00]} 29. Ke4 {[%emt 0:01:22]} Nxb6 {[%emt 0:01:18]} 30. Nxe6 {[%emt 0:00:04]} fxe6 {[%emt 0:00:53]} 31. Ke5 {[%emt 0:00:04]} Re8 {[%emt 0:06:26]} 32. h4 {[%emt 0:00:19]} Nd7+ {[%emt 0:01:15]} 33. Ke4 {normal Kd5+} 0-1